000 00718nam a2200217Ia 4500
005 20241129111030.0
008 241129s9999||||xx |||||||||||||| ||und||
020 _a9789386534378
037 _aTB
040 _aCRL
_bhin
_cCRL
041 _ahin
_2hin
084 _aO152,6N462x Q9
_qCRL
100 _aवजाहत, असग़र, ले.
245 0 _aस्वर्ग में पाचॅं दिन
_cवजाहत, असग़र, ले.
260 _aदिल्ली, भारत
_bराजपाल एण्ड सन्ज़
_c2019
300 _a207पृ0
365 _aINR
_b395
650 _aHindi Prose
942 _cTB
_hO152,6N462x Q9
999 _c1228622
_d1228622